<?xml version="1.0" encoding="UTF-8"?>
<record
    xmlns:xsi="http://www.w3.org/2001/XMLSchema-instance"
    xsi:schemaLocation="http://www.loc.gov/MARC21/slim http://www.loc.gov/standards/marcxml/schema/MARC21slim.xsd"
    xmlns="http://www.loc.gov/MARC21/slim">

  <leader>00914 aa a2200241   4500</leader>
  <datafield tag="999" ind1=" " ind2=" ">
    <subfield code="c">67902</subfield>
    <subfield code="d">67902</subfield>
  </datafield>
  <controlfield tag="005">20181109103954.0</controlfield>
  <datafield tag="010" ind1=" " ind2=" ">
    <subfield code="a"> </subfield>
  </datafield>
  <datafield tag="020" ind1=" " ind2=" ">
    <subfield code="c">450.00</subfield>
    <subfield code="a">8185139830</subfield>
  </datafield>
  <datafield tag="035" ind1=" " ind2=" ">
    <subfield code="a">B-150379  B-150389</subfield>
  </datafield>
  <datafield tag="035" ind1=" " ind2=" ">
    <subfield code="a">B-150385</subfield>
  </datafield>
  <datafield tag="037" ind1=" " ind2=" ">
    <subfield code="b">pub</subfield>
  </datafield>
  <datafield tag="082" ind1=" " ind2=" ">
    <subfield code="a">613</subfield>
  </datafield>
  <datafield tag="100" ind1=" " ind2=" ">
    <subfield code="a">&#x936;&#x930;&#x94D;&#x92E;&#x93E;, &#x917;&#x94B;&#x935;&#x93F;&#x902;&#x926;</subfield>
  </datafield>
  <datafield tag="245" ind1=" " ind2=" ">
    <subfield code="a">&#x91F;&#x93E;&#x938;&#x94D;&#x915; &#x92B;&#x94B;&#x930;&#x94D;&#x938; &#x939;&#x948;&#x932;&#x94D;&#x925; &#x915;&#x947;&#x92F;&#x930; &#x92A;&#x94D;&#x930;&#x94B;&#x91C;&#x947;&#x915;&#x94D;&#x91F;&#x94D;&#x938; /</subfield>
    <subfield code="c">&#x917;&#x94B;&#x935;&#x93F;&#x902;&#x926; &#x936;&#x930;&#x94D;&#x92E;&#x93E; &#x90F;&#x935;&#x902; &#x930;&#x935;&#x93F;&#x92A;&#x94D;&#x930;&#x915;&#x93E;&#x936; &#x932;&#x902;&#x917;&#x930;</subfield>
  </datafield>
  <datafield tag="246" ind1=" " ind2=" ">
    <subfield code="a"> </subfield>
    <subfield code="b"> </subfield>
  </datafield>
  <datafield tag="260" ind1=" " ind2=" ">
    <subfield code="a">&#x92C;&#x93F;&#x91C;&#x928;&#x94C;&#x930;</subfield>
    <subfield code="b">&#x939;&#x93F;&#x902;&#x926;&#x940; &#x938;&#x93E;&#x939;&#x93F;&#x924;&#x94D;&#x92F; &#x928;&#x93F;&#x915;&#x947;&#x924;&#x928;</subfield>
    <subfield code="c">2004</subfield>
  </datafield>
  <datafield tag="270" ind1=" " ind2=" ">
    <subfield code="a"> </subfield>
    <subfield code="b"> </subfield>
    <subfield code="e"> </subfield>
  </datafield>
  <datafield tag="300" ind1=" " ind2=" ">
    <subfield code="a">420&#x92A;&#x943;</subfield>
    <subfield code="c">22 &#x938;&#x947;&#x92E;&#x940; (&#x938;&#x91C;&#x93F;&#x932;&#x94D;&#x926;)</subfield>
    <subfield code="b"> </subfield>
  </datafield>
  <datafield tag="490" ind1=" " ind2=" ">
    <subfield code="a"> </subfield>
  </datafield>
  <datafield tag="700" ind1=" " ind2=" ">
    <subfield code="a">&#x930;&#x935;&#x93F;&#x92A;&#x94D;&#x930;&#x915;&#x93E;&#x936; &#x932;&#x902;&#x917;&#x930;</subfield>
    <subfield code="9">49038</subfield>
  </datafield>
  <datafield tag="942" ind1=" " ind2=" ">
    <subfield code="a">dpl</subfield>
    <subfield code="c">HN</subfield>
    <subfield code="k"> </subfield>
    <subfield code="2">ddc</subfield>
    <subfield code="h">613 </subfield>
    <subfield code="m">&#x936;&#x930;&#x94D;&#x92E;&#x93E;&#x917;&#x94B;</subfield>
  </datafield>
  <datafield tag="952" ind1=" " ind2=" ">
    <subfield code="0">0</subfield>
    <subfield code="1">0</subfield>
    <subfield code="4">0</subfield>
    <subfield code="7">0</subfield>
    <subfield code="8">NFIC</subfield>
    <subfield code="a">ZLS</subfield>
    <subfield code="b">ZLS</subfield>
    <subfield code="d">2012-06-14</subfield>
    <subfield code="g">450.00</subfield>
    <subfield code="l">0</subfield>
    <subfield code="o">613  &#x936;&#x930;&#x94D;&#x92E;&#x93E;&#x917;&#x94B;</subfield>
    <subfield code="p">B-150379</subfield>
    <subfield code="r">2012-06-14 00:00:00</subfield>
    <subfield code="v">450.00</subfield>
    <subfield code="w">2012-06-14</subfield>
    <subfield code="y">HN</subfield>
  </datafield>
  <datafield tag="952" ind1=" " ind2=" ">
    <subfield code="0">0</subfield>
    <subfield code="1">0</subfield>
    <subfield code="4">0</subfield>
    <subfield code="7">0</subfield>
    <subfield code="8">NFIC</subfield>
    <subfield code="a">RC</subfield>
    <subfield code="b">RC</subfield>
    <subfield code="d">2018-10-29</subfield>
    <subfield code="g">450.00</subfield>
    <subfield code="l">0</subfield>
    <subfield code="o">613  &#x936;&#x930;&#x94D;&#x92E;&#x93E;&#x917;&#x94B;</subfield>
    <subfield code="p">B-150389</subfield>
    <subfield code="r">2018-10-29 00:00:00</subfield>
    <subfield code="t">1</subfield>
    <subfield code="v">450.00</subfield>
    <subfield code="y">HN</subfield>
  </datafield>
  <datafield tag="952" ind1=" " ind2=" ">
    <subfield code="0">0</subfield>
    <subfield code="1">0</subfield>
    <subfield code="4">0</subfield>
    <subfield code="7">0</subfield>
    <subfield code="8">NFIC</subfield>
    <subfield code="a">RC</subfield>
    <subfield code="b">RC</subfield>
    <subfield code="d">2018-11-09</subfield>
    <subfield code="g">450.00</subfield>
    <subfield code="l">0</subfield>
    <subfield code="o">613  &#x936;&#x930;&#x94D;&#x92E;&#x93E;&#x917;&#x94B;</subfield>
    <subfield code="p">B-150385</subfield>
    <subfield code="r">2018-11-09 00:00:00</subfield>
    <subfield code="v">450.00</subfield>
    <subfield code="w">2018-11-09</subfield>
    <subfield code="y">HN</subfield>
  </datafield>
  <datafield tag="952" ind1=" " ind2=" ">
    <subfield code="0">0</subfield>
    <subfield code="1">0</subfield>
    <subfield code="4">0</subfield>
    <subfield code="7">0</subfield>
    <subfield code="8">NFIC</subfield>
    <subfield code="a">ZLS</subfield>
    <subfield code="b">ZLS</subfield>
    <subfield code="d">2021-10-18</subfield>
    <subfield code="l">0</subfield>
    <subfield code="o">613  &#x936;&#x930;&#x94D;&#x92E;&#x93E;&#x917;&#x94B;</subfield>
    <subfield code="p">B-150391</subfield>
    <subfield code="r">2021-10-18 00:00:00</subfield>
    <subfield code="v">450.00</subfield>
    <subfield code="w">2021-10-18</subfield>
    <subfield code="y">HN</subfield>
  </datafield>
</record>
